| 000 | 00956cab a2200289 4500 | ||
|---|---|---|---|
| 001 | WB3131-81 | ||
| 008 | 090401t1995 xxu||||| |||| 00| 0 eng d | ||
| 035 | _a(Sirsi) u52064 | ||
| 041 | _aeng | ||
| 245 | _aMortgage valuers in more distress | ||
| 260 | _c1995 | ||
| 350 | _a0 | ||
| 490 |
_aEstates Gazette _v(9532) 12 August 1995, 69(1) |
||
| 520 | _aDiscusses the the growth of the inclusion of compensation claims for inconvenience in negligence actions brought by householders against surveyors. Refers to "Watts v Morrow" 1991. (see ABS45047) | ||
| 650 | _aBREACH OF CONTRACT | ||
| 650 | _aEZEKIEL V MCDADE | ||
| 650 | _aGOODWIN V PHILLIPS | ||
| 650 | _aINCONVENIENCE CLAIMS | ||
| 650 | _aNEGLIGENCE CLAIMS | ||
| 650 |
_aValuation _96273 |
||
| 650 | _aVALUERS | ||
| 650 | _aWATTS V MORROW | ||
| 690 | _aMANAGEMENT-BUSINESS MANAGEMENT-PROFESSIONAL PRACTICE | ||
| 690 | _aRATING AND VALUATION | ||
| 942 | _n0 | ||
| 948 | _c04/03/1997 | ||
| 999 |
_c32298 _d32298 |
||